[Event "LEM Nachwuchs M-V u10m 08.-11.07.2021"]
[Site "MaJuWi Greifswald/Wieck"]
[Date "2021.07.09"]
[Round "3.1"]
[White "Schröder, Hannes Artur"]
[Black "Gavrylyuk, Oleksandr"]
[Result "0-1"]
[WhiteElo "1001"]
[BlackElo "1049"]
[PlyCount "88"]
[EventDate "2021.??.??"]
[WhiteTeam "SG Neubrandenburg"]
[BlackTeam "TuS Makkabi Rostock"]

1. e4 c5 2. Nf3 Nc6 3. d4 cxd4 4. Nxd4 g6 5. Nc3 Bg7 6. Be3 Nf6 7. Be2 Qa5 8.
O-O O-O 9. a3 d6 10. f4 Bd7 11. b4 Qc7 12. f5 Nxb4 13. Ncb5 Bxb5 14. Nxb5 Qxc2
15. axb4 Qxe4 16. Qd4 a6 17. Qxe4 Nxe4 18. Nc7 Rac8 19. Rac1 Nc3 20. Rfe1 Rxc7
21. fxg6 Nxe2+ 22. Rxe2 Rxc1+ 23. Bxc1 fxg6 24. Rxe7 Bd4+ 25. Be3 Bxe3+ 26.
Rxe3 Rf4 27. Re8+ Kf7 28. Rh8 Rxb4 29. Rxh7+ Kf6 30. Rd7 Rb6 31. h4 a5 32. Rd8
a4 33. Ra8 Ra6 34. g4 Rxa8 35. Kf2 a3 36. Kf3 a2 37. Kf4 a1=Q 38. g5+ Ke6 39.
Ke4 Ra4+ 40. Kd3 Qd4+ 41. Kc2 Rc4+ 42. Kb3 Qd3+ 43. Kb2 Rc2+ 44. Kb1 Qd1# 0-1

[Event "LEM Nachwuchs M-V u10m 08.-11.07.2021"]
[Site "MaJuWi Greifswald/Wieck"]
[Date "2021.07.09"]
[Round "3.2"]
[White "Nguyen Duc, Tien Dat"]
[Black "Lange, Friedrich"]
[Result "1-0"]
[WhiteElo "904"]
[BlackElo "807"]
[PlyCount "55"]
[EventDate "2021.??.??"]
[WhiteTeam "SAV Torgelow"]
[BlackTeam "TSG Neustrelitz"]

1. e4 e5 2. Nf3 Nc6 3. Bc4 Nf6 4. d3 Bb4+ 5. Bd2 Bxd2+ 6. Nbxd2 Nd4 7. Nxe5 d5
8. exd5 Nxd5 9. c3 Nf5 10. O-O f6 11. Nef3 Nf4 12. Re1+ Ne7 13. d4 Bf5 14. g3
Nh3+ 15. Kg2 Qd6 16. Qe2 O-O-O 17. Qxe7 Qxe7 18. Rxe7 c6 19. Rxg7 b5 20. Nh4
Bd7 21. Bb3 Rhe8 22. Rxd7 Rxd7 23. Kxh3 Re2 24. Nhf3 Rde7 25. Bd1 Rxf2 26. Kh4
Rg7 27. Ne4 f5 28. Nxf2 1-0

[Event "LEM Nachwuchs M-V u10m 08.-11.07.2021"]
[Site "MaJuWi Greifswald/Wieck"]
[Date "2021.07.10"]
[Round "4.4"]
[White "Lange, Friedrich"]
[Black "Wetzig, Karl Anton"]
[Result "1-0"]
[WhiteElo "807"]
[BlackElo "829"]
[PlyCount "95"]
[EventDate "2021.??.??"]
[WhiteTeam "TSG Neustrelitz"]
[BlackTeam "SF Schwerin"]

1. e4 e5 2. Nf3 d6 3. Nc3 Nf6 4. Bb5+ c6 5. Bc4 d5 6. exd5 cxd5 7. Bb5+ Bd7 8.
Bxd7+ Qxd7 9. Nxe5 Qe6 10. d4 Bd6 11. Bf4 Nc6 12. Nb5 O-O 13. Nxd6 Qxd6 14. O-O
h6 15. Nd3 Qe6 16. Re1 Ne4 17. Nc5 Qf5 18. Nxe4 dxe4 19. g3 Rfe8 20. f3 Rad8
21. c3 g5 22. g4 Qg6 23. Bg3 Ne5 24. Bxe5 Rxe5 25. Qe2 Re6 26. fxe4 Rde8 27. e5
Rf6 28. Qb5 Rc8 29. exf6 Qxf6 30. Re8+ Rxe8 31. Qxe8+ Kg7 32. Re1 Kh7 33. Qe4+
Kg8 34. Qf5 Qxf5 35. gxf5 h5 36. Re8+ Kg7 37. d5 Kf6 38. c4 Kxf5 39. d6 g4 40.
d7 h4 41. d8=Q g3 42. Qxh4 gxh2+ 43. Qxh2 b5 44. Qe5+ Kg6 45. Qf4 bxc4 46. Rg8+
Kh7 47. Qg5 f6 48. Qg7# 1-0

[Event "LEM Nachwuchs M-V u10m 08.-11.07.2021"]
[Site "MaJuWi Greifswald/Wieck"]
[Date "2021.07.10"]
[Round "5.1"]
[White "Nguyen Duc, Tien Dat"]
[Black "Gavrylyuk, Oleksandr"]
[Result "0-1"]
[WhiteElo "904"]
[BlackElo "1049"]
[PlyCount "66"]
[EventDate "2021.??.??"]
[WhiteTeam "SAV Torgelow"]
[BlackTeam "TuS Makkabi Rostock"]

1. e4 c5 2. Nf3 Nc6 3. c3 d5 4. e5 Bg4 5. Be2 Bxf3 6. Bxf3 Nxe5 7. d4 Nxf3+ 8.
Qxf3 cxd4 9. cxd4 Rc8 10. Nc3 Nf6 11. O-O g6 12. Bg5 Bg7 13. Rfe1 e6 14. Bxf6
Qxf6 15. Qxf6 Bxf6 16. Rad1 O-O 17. Nb5 a6 18. Nd6 Rc2 19. Nxb7 Rxb2 20. Nc5
Rxa2 21. Nd7 Bxd4 22. Rxd4 Rc8 23. h3 Rcc2 24. Nf6+ Kg7 25. Ng4 h5 26. Ne3 Rxf2
27. Rf1 Rfe2 28. Rd3 d4 29. Rxd4 Rxe3 30. Rdd1 Ree2 31. Ra1 Rxg2+ 32. Kh1 Rh2+
33. Kg1 Rag2# 0-1

[Event "LEM Nachwuchs M-V u10m 08.-11.07.2021"]
[Site "MaJuWi Greifswald/Wieck"]
[Date "2021.07.10"]
[Round "5.2"]
[White "Schröder, Hannes Artur"]
[Black "Lange, Friedrich"]
[Result "1/2-1/2"]
[WhiteElo "1001"]
[BlackElo "807"]
[PlyCount "64"]
[EventDate "2021.??.??"]
[WhiteTeam "SG Neubrandenburg"]
[BlackTeam "TSG Neustrelitz"]

1. e4 e5 2. Nf3 Nc6 3. Nc3 Nf6 4. Bb5 d6 5. Bc4 d5 6. exd5 Nd4 7. Nxe5 Bd6 8.
Nf3 Qe7+ 9. Be2 Nxe2 10. Qxe2 Qxe2+ 11. Nxe2 Nxd5 12. h3 Nb4 13. Ned4 Bc5 14.
c3 Nd5 15. b4 Bxd4 16. Nxd4 O-O 17. O-O Be6 18. Nxe6 fxe6 19. a3 Nf4 20. d4
Ne2+ 21. Kh1 Nxc3 22. Re1 Rae8 23. Kg1 Nd5 24. Bb2 Nf4 25. Re3 Re7 26. Rae1
Rfe8 27. Bc1 Nd5 28. Re5 Nf6 29. b5 Nd7 30. Bg5 Nxe5 31. Bxe7 Rxe7 32. dxe5 b6
1/2-1/2

[Event "LEM Nachwuchs M-V u10m 08.-11.07.2021"]
[Site "MaJuWi Greifswald/Wieck"]
[Date "2021.07.11"]
[Round "6.1"]
[White "Gavrylyuk, Oleksandr"]
[Black "Lange, Friedrich"]
[Result "1-0"]
[WhiteElo "1049"]
[BlackElo "807"]
[PlyCount "61"]
[EventDate "2021.??.??"]
[WhiteTeam "TuS Makkabi Rostock"]
[BlackTeam "TSG Neustrelitz"]

1. d4 d5 2. Bf4 Nf6 3. Nf3 Bg4 4. e3 e6 5. h3 Bf5 6. c3 Nc6 7. Nbd2 Bd6 8. Ne5
O-O 9. Bb5 Bxe5 10. dxe5 Ne4 11. Nxe4 Bxe4 12. O-O Qd7 13. f3 Bf5 14. e4 d4 15.
exf5 exf5 16. Bxc6 Qxc6 17. cxd4 Qb5 18. b3 Qb4 19. a3 Qb6 20. Be3 Qc6 21. Qd3
Rad8 22. Rac1 Qg6 23. Rxc7 f4 24. Qxg6 fxg6 25. Bf2 g5 26. Rxb7 a6 27. Rc1 Rc8
28. Rcc7 Ra8 29. Rxg7+ Kh8 30. Rxh7+ Kg8 31. Rbg7# 1-0

[Event "LEM Nachwuchs M-V u10m 08.-11.07.2021"]
[Site "MaJuWi Greifswald/Wieck"]
[Date "2021.07.11"]
[Round "6.2"]
[White "Wetzig, Karl Anton"]
[Black "Schröder, Hannes Artur"]
[Result "1/2-1/2"]
[WhiteElo "829"]
[BlackElo "1001"]
[PlyCount "102"]
[EventDate "2021.??.??"]
[WhiteTeam "SF Schwerin"]
[BlackTeam "SG Neubrandenburg"]

1. e4 e5 2. Nf3 Nc6 3. Nc3 Nf6 4. d4 exd4 5. Nxd4 Nxd4 6. Qxd4 Bd6 7. e5 Qe7 8.
Be2 Bxe5 9. Nd5 Bxd4 10. Nxe7 Kxe7 11. O-O Re8 12. Bf4 Kf8 13. Bd3 d6 14. c3
Be5 15. Bb5 c6 16. Bxe5 Rxe5 17. Bd3 Bf5 18. Bxf5 Rxf5 19. b4 Re5 20. Rab1 Rae8
21. h3 Nd5 22. Rfc1 b5 23. g3 a6 24. f4 Re3 25. Kh2 Nxc3 26. Rb2 Na4 27. Rbc2
Re2+ 28. Rxe2 Rxe2+ 29. Kg1 Rxa2 30. Rxc6 Rb2 31. Rxd6 Rxb4 32. Rxa6 Rb2 33. g4
g6 34. f5 g5 35. Rh6 Kg7 36. Rh5 f6 37. h4 Rb4 38. hxg5 Rxg4+ 39. Kf2 Rxg5 40.
Rxg5+ fxg5 41. f6+ Kxf6 42. Ke3 Kf5 43. Kf3 b4 44. Ke3 b3 45. Kd2 b2 46. Kc2 g4
47. Kb1 g3 48. Ka2 g2 49. Kb1 g1=Q+ 50. Ka2 b1=Q+ 51. Ka3 Nc3 1/2-1/2

[Event "LEM Nachwuchs M-V u10m 08.-11.07.2021"]
[Site "MaJuWi Greifswald/Wieck"]
[Date "2021.07.11"]
[Round "7.1"]
[White "Gavrylyuk, Oleksandr"]
[Black "Wetzig, Karl Anton"]
[Result "1-0"]
[WhiteElo "1049"]
[BlackElo "829"]
[PlyCount "81"]
[EventDate "2021.??.??"]
[WhiteTeam "TuS Makkabi Rostock"]
[BlackTeam "SF Schwerin"]

1. d4 d5 2. Bf4 Bf5 3. Nf3 c6 4. e3 Qb6 5. b3 e6 6. c3 c5 7. Nbd2 Nf6 8. Be2
Ne4 9. Nxe4 Bxe4 10. Bd3 Bxd3 11. Qxd3 Nd7 12. Ne5 Nxe5 13. Bxe5 Rc8 14. O-O c4
15. Qc2 f6 16. Bg3 Be7 17. f4 O-O 18. b4 a5 19. a3 axb4 20. axb4 Rf7 21. f5
Rcf8 22. fxe6 Qxe6 23. Rf3 f5 24. Be5 Bh4 25. Rh3 g5 26. g3 g4 27. Rxh4 Qg6 28.
Qf2 Re8 29. Qf4 Rff8 30. Rh6 Ra8 31. Rxg6+ hxg6 32. Rxa8 Rxa8 33. Qh6 Kf7 34.
Qg7+ Ke6 35. Qxg6+ Ke7 36. Qf6+ Kd7 37. Qd6+ Ke8 38. Bf6 Kf7 39. Qe7+ Kg6 40.
Qg7+ Kh5 41. Qg5# 1-0

[Event "LEM Nachwuchs M-V u10m 08.-11.07.2021"]
[Site "MaJuWi Greifswald/Wieck"]
[Date "2021.07.11"]
[Round "7.2"]
[White "Schröder, Hannes Artur"]
[Black "Nguyen Duc, Tien Dat"]
[Result "1/2-1/2"]
[WhiteElo "1001"]
[BlackElo "904"]
[PlyCount "42"]
[EventDate "2021.??.??"]
[WhiteTeam "SG Neubrandenburg"]
[BlackTeam "SAV Torgelow"]

1. e4 e5 2. Nf3 Nc6 3. Nc3 Nf6 4. Bc4 Nxe4 5. Nxe4 d5 6. Bb5 dxe4 7. Nxe5 Bd7
8. Nxd7 Qxd7 9. Qe2 a6 10. Qxe4+ Be7 11. Bxc6 bxc6 12. d3 O-O 13. O-O Rab8 14.
Re1 Bf6 15. Rb1 Rfe8 16. Qxe8+ Rxe8 17. Rxe8+ Qxe8 18. Bf4 Be5 19. Re1 f6 20.
d4 Qb8 21. dxe5 fxe5 1/2-1/2

[Event "LEM Nachwuchs M-V u12m 08.-11.07.2021"]
[Site "MaJuWi Greifswald/Wieck"]
[Date "2021.07.08"]
[Round "1.1"]
[White "Brandt, Mattis"]
[Black "Lüdtke, Lorenz"]
[Result "1-0"]
[WhiteElo "1323"]
[BlackElo "922"]
[PlyCount "65"]
[EventDate "2021.??.??"]
[WhiteTeam "Greifswalder SV"]
[BlackTeam "SG Jasmund"]

1. e4 e5 2. Nf3 Nc6 3. Bc4 d5 4. Bxd5 Nf6 5. Bxc6+ bxc6 6. Nc3 Ba6 7. d3 Bb4 8.
Bd2 O-O 9. Nxe5 Qd6 10. Nf3 Bc5 11. e5 Rfe8 12. O-O Qe6 13. exf6 Qxf6 14. Ne4
Qf5 15. Nxc5 Qxc5 16. Bc3 Bc8 17. Re1 Bg4 18. h3 Be6 19. Qd2 f6 20. Nd4 Bd7 21.
Rxe8+ Rxe8 22. Re1 a6 23. Rxe8+ Bxe8 24. Qe3 Qh5 25. Qe6+ Kh8 26. g4 Qg6 27. h4
h5 28. Qf5 hxg4 29. Qxg6 Bxg6 30. Nxc6 Kh7 31. Kg2 Kh6 32. Ne7 Bf7 33. Nf5+ 1-0

[Event "LEM Nachwuchs M-V u12m 08.-11.07.2021"]
[Site "MaJuWi Greifswald/Wieck"]
[Date "2021.07.08"]
[Round "1.2"]
[White "Lange, Richard"]
[Black "Drechsler, Andor"]
[Result "0-1"]
[WhiteElo "917"]
[BlackElo "1303"]
[PlyCount "70"]
[EventDate "2021.??.??"]
[WhiteTeam "TSG Neustrelitz"]
[BlackTeam "SAV Torgelow"]

1. c4 Nf6 2. Nc3 g6 3. d3 Bg7 4. Bd2 d6 5. g3 O-O 6. Bg2 Nc6 7. Nf3 Bd7 8. O-O
Qc8 9. Qc2 Bh3 10. Ng5 Bxg2 11. Kxg2 h6 12. Nf3 Qd7 13. a3 Rfe8 14. Rfe1 a5 15.
b3 e6 16. e3 d5 17. h3 e5 18. d4 exd4 19. exd4 dxc4 20. bxc4 Nxd4 21. Nxd4 Qxd4
22. Nb5 Qc5 23. Be3 Qc6+ 24. f3 Nd7 25. Rad1 Ne5 26. Rf1 Nxc4 27. Nd4 Nxe3+ 28.
Kf2 Qxc2+ 29. Nxc2 Nxc2 30. Rc1 Nd4 31. Kg2 Re2+ 32. Kg1 Rae8 33. Kh1 R8e3 34.
Rc4 Rxf3 35. Rxf3 Nxf3 0-1

[Event "LEM Nachwuchs M-V u12m 08.-11.07.2021"]
[Site "MaJuWi Greifswald/Wieck"]
[Date "2021.07.08"]
[Round "1.3"]
[White "Briese, Paul"]
[Black "Tovmasyan, Levon"]
[Result "0-1"]
[WhiteElo "1125"]
[BlackElo "884"]
[PlyCount "54"]
[EventDate "2021.??.??"]
[WhiteTeam "SAV Torgelow"]
[BlackTeam "TuS Makkabi Rostock"]

1. c4 Nc6 2. Nc3 e6 3. g3 Bc5 4. Nf3 d5 5. cxd5 exd5 6. Bg2 Nge7 7. d3 O-O 8.
O-O h6 9. Bd2 Bg4 10. Rb1 Nd4 11. Nxd4 Bxd4 12. Re1 Bxc3 13. bxc3 Rb8 14. Qa4
Bd7 15. Qxa7 Qc8 16. Qc5 Re8 17. Bxd5 Nxd5 18. Qxd5 Be6 19. Qa5 Ra8 20. Qb4
Rxa2 21. Be3 Bd5 22. c4 Bc6 23. Rb2 Qh3 24. f3 Rxb2 25. Qxb2 Rxe3 26. Qd4 Bxf3
27. Qxe3 Qg2# 0-1

[Event "LEM Nachwuchs M-V u12m 08.-11.07.2021"]
[Site "MaJuWi Greifswald/Wieck"]
[Date "2021.07.08"]
[Round "1.4"]
[White "Liseykin, Tezey"]
[Black "Wellßow, Lio Keanu"]
[Result "0-1"]
[WhiteElo "926"]
[BlackElo "1203"]
[PlyCount "58"]
[EventDate "2021.??.??"]
[WhiteTeam "TuS Makkabi Rostock"]
[BlackTeam "SG Jasmund"]

1. d4 d5 2. c4 c6 3. Nf3 Nf6 4. e3 Bg4 5. h3 Bh5 6. Be2 e6 7. O-O Bd6 8. Nbd2
Ne4 9. g4 Bg6 10. c5 Bc7 11. Re1 Ng5 12. h4 Nxf3+ 13. Nxf3 Be4 14. Kf1 b6 15.
a3 a5 16. g5 Nd7 17. Bd2 bxc5 18. dxc5 Nxc5 19. Rc1 Nd3 20. Bxd3 Bxd3+ 21. Kg1
Qd6 22. Bc3 Be4 23. Be5 Qd7 24. Bxc7 Qxc7 25. Kf1 O-O 26. Ke2 c5 27. Nd4 Qb6
28. Qb3 Qa6+ 29. Nb5 a4 0-1

[Event "LEM Nachwuchs M-V u12m 08.-11.07.2021"]
[Site "MaJuWi Greifswald/Wieck"]
[Date "2021.07.08"]
[Round "1.5"]
[White "Peilert, Maximilian"]
[Black "Joachim, Julian"]
[Result "1-0"]
[WhiteElo "1068"]
[BlackElo "819"]
[PlyCount "61"]
[EventDate "2021.??.??"]
[WhiteTeam "Think Rochade"]
[BlackTeam "Think Rochade"]

1. e4 e5 2. Bc4 Bb4 3. Nf3 Nf6 4. Nxe5 d6 5. Nxf7 Qd7 6. Nxh8 Qc6 7. Bd3 Bg4 8.
f3 Be6 9. Nc3 Ba5 10. Bb5 Qxb5 11. Nxb5 Nc6 12. O-O Bc4 13. Nxc7+ Bxc7 14. Re1
Ba5 15. c3 Bb6+ 16. d4 O-O-O 17. Bg5 Rxh8 18. b3 Be6 19. Kh1 Nh5 20. d5 Bf2 21.
Re2 Bb6 22. dxe6 Ne5 23. Qxd6 Nc6 24. Qd7+ Kb8 25. g4 Nf6 26. Bxf6 gxf6 27. e7
Ne5 28. Qe6 Nxf3 29. e8=Q+ Rxe8 30. Qxe8+ Bd8 31. Qxd8# 1-0

[Event "LEM Nachwuchs M-V u12m 08.-11.07.2021"]
[Site "MaJuWi Greifswald/Wieck"]
[Date "2021.07.08"]
[Round "1.6"]
[White "Tsiple, Dragos"]
[Black "Eschrig, Immanuel"]
[Result "0-1"]
[WhiteElo "801"]
[BlackElo "1022"]
[PlyCount "48"]
[EventDate "2021.??.??"]
[WhiteTeam "TSV Friedland"]
[BlackTeam "Greifswalder SV"]

1. e4 e5 2. Nf3 Nc6 3. Bc4 Bc5 4. Nc3 Nf6 5. b3 Nxe4 6. Nxe5 Nxc3 7. Qf3 Nxe5
8. Qe3 Bxe3 9. fxe3 Nxc4 10. dxc3 Ne5 11. O-O O-O 12. Ba3 d6 13. Rf4 Qg5 14.
Raf1 Bh3 15. R1f2 Rae8 16. Kf1 Bd7 17. h3 Ng6 18. c4 Nxf4 19. Rxf4 Rxe3 20. Rf2
Rfe8 21. Bb4 Qe5 22. Kg1 Qg3 23. Bd2 Re2 24. Rf3 Qxg2# 0-1

[Event "LEM Nachwuchs M-V u12m 08.-11.07.2021"]
[Site "MaJuWi Greifswald/Wieck"]
[Date "2021.07.08"]
[Round "1.7"]
[White "Kerth, Anton"]
[Black "Asmussen, Henry"]
[Result "1-0"]
[WhiteElo "996"]
[BlackElo "1192"]
[PlyCount "121"]
[EventDate "2021.??.??"]
[WhiteTeam "SV Gryps"]
[BlackTeam "SG Jasmund"]

1. e4 e5 2. Nf3 Nc6 3. Bb5 Nf6 4. Nc3 Bb4 5. a3 Bxc3 6. dxc3 a6 7. Ba4 O-O 8.
Bg5 b5 9. Bb3 h6 10. Bh4 Na5 11. Ba2 c6 12. Qd2 Nc4 13. Bxc4 bxc4 14. O-O-O Qe7
15. g4 Qe6 16. g5 hxg5 17. Nxg5 Qg4 18. Bg3 d5 19. exd5 cxd5 20. Bxe5 Ne4 21.
Nxe4 Qxe4 22. Qxd5 Bb7 23. Qxe4 Bxe4 24. Rhg1 Rfe8 25. Bd4 Bf3 26. Rde1 Rxe1+
27. Rxe1 Kh7 28. Re3 Bh5 29. Rh3 Kg6 30. Rg3+ Kf5 31. Rxg7 Re8 32. Be3 Kf6 33.
Rg5 Rxe3 34. Rxh5 Re1+ 35. Kd2 Rb1 36. b4 Ra1 37. Rh4 Rxa3 38. Rxc4 a5 39. Rc6+
Ke7 40. Ra6 Ra2 41. bxa5 Kd7 42. h4 Ke8 43. h5 Kf8 44. h6 Kg8 45. c4 Ra4 46. c5
Rd4+ 47. Kc1 Kh7 48. c6 Rh4 49. Rb6 Rh1+ 50. Kb2 Rxh6 51. a6 Rf6 52. a7 Rxf2
53. a8=Q Kg6 54. c7+ Kg5 55. Qd5+ Rf5 56. Qg2+ Kf4 57. Rb4+ Ke5 58. Qe4+ Kf6
59. c8=Q Kg6 60. Qexf5+ Kg7 61. Rg4+ 1-0

[Event "LEM Nachwuchs M-V u12m 08.-11.07.2021"]
[Site "MaJuWi Greifswald/Wieck"]
[Date "2021.07.08"]
[Round "1.8"]
[White "Stier, Karl"]
[Black "Wandelt, Moritz"]
[Result "0-1"]
[WhiteElo "714"]
[BlackElo "1011"]
[PlyCount "26"]
[EventDate "2021.??.??"]
[WhiteTeam "SG Neubrandenburg"]
[BlackTeam "SAV Torgelow"]

1. e4 c5 2. Bc4 e6 3. Qf3 a6 4. Nc3 Qc7 5. d3 b5 6. Bxe6 dxe6 7. Nge2 Be7 8.
O-O Nf6 9. Bf4 Qb6 10. e5 Bb7 11. Qg3 Nh5 12. Qg4 Qc6 13. Qxh5 Qxg2# 0-1

[Event "LEM Nachwuchs M-V u12m 08.-11.07.2021"]
[Site "MaJuWi Greifswald/Wieck"]
[Date "2021.07.09"]
[Round "2.1"]
[White "Eschrig, Immanuel"]
[Black "Brandt, Mattis"]
[Result "0-1"]
[WhiteElo "1022"]
[BlackElo "1323"]
[PlyCount "64"]
[EventDate "2021.??.??"]
[WhiteTeam "Greifswalder SV"]
[BlackTeam "Greifswalder SV"]

1. e4 e6 2. d4 d5 3. e5 c5 4. c3 Nc6 5. Nf3 Nh6 6. Bd3 cxd4 7. cxd4 Qb6 8. Nc3
Bd7 9. Bb5 Nf5 10. Bxc6 bxc6 11. Rb1 c5 12. Be3 cxd4 13. Bxd4 Nxd4 14. Qxd4 Bc5
15. Qd2 d4 16. Rd1 d3 17. O-O Rd8 18. Qxd3 O-O 19. Ng5 g6 20. Qh3 h5 21. Nce4
Be7 22. Rd6 Bxd6 23. Nf6+ Kg7 24. Nxh5+ gxh5 25. Qxh5 Rh8 26. Qxf7+ Kh6 27.
Qf6+ Kh5 28. h3 Rdf8 29. g4+ Kh4 30. Nf3+ Kxh3 31. Qg7 Be7 32. Kh1 Qc6 0-1

[Event "LEM Nachwuchs M-V u12m 08.-11.07.2021"]
[Site "MaJuWi Greifswald/Wieck"]
[Date "2021.07.09"]
[Round "2.2"]
[White "Drechsler, Andor"]
[Black "Kerth, Anton"]
[Result "1-0"]
[WhiteElo "1303"]
[BlackElo "996"]
[PlyCount "50"]
[EventDate "2021.??.??"]
[WhiteTeam "SAV Torgelow"]
[BlackTeam "SV Gryps"]

1. e4 e5 2. Nf3 Nc6 3. Bc4 Nf6 4. Ng5 Qe7 5. Bxf7+ Kd8 6. Bc4 Ne8 7. Nf7+ Qxf7
8. Bxf7 Nd6 9. Bd5 Ne7 10. Qh5 g6 11. Qxe5 Rg8 12. Bxg8 Nxg8 13. d3 Be7 14. Bg5
h6 15. Bxe7+ Nxe7 16. Qh8+ Ne8 17. f4 Nc6 18. f5 gxf5 19. exf5 Nd4 20. O-O Nxc2
21. f6 c6 22. f7 Nxa1 23. fxe8=Q+ Kc7 24. Qd8+ Kd6 25. Rf4 b6 1-0

[Event "LEM Nachwuchs M-V u12m 08.-11.07.2021"]
[Site "MaJuWi Greifswald/Wieck"]
[Date "2021.07.09"]
[Round "2.3"]
[White "Wellßow, Lio Keanu"]
[Black "Fritsch, Friedrich"]
[Result "1-0"]
[WhiteElo "1203"]
[BlackElo "953"]
[PlyCount "71"]
[EventDate "2021.??.??"]
[WhiteTeam "SG Jasmund"]
[BlackTeam "SG Jasmund"]

1. d4 d5 2. c4 c6 3. Nc3 Nf6 4. Nf3 Bg4 5. g3 Bxf3 6. exf3 e6 7. Bg5 h6 8. Bf4
Bb4 9. Qc2 O-O 10. c5 Bxc3+ 11. Qxc3 Nbd7 12. Bd3 Re8 13. Bc2 Re7 14. Bd6 Re8
15. O-O b6 16. b4 bxc5 17. bxc5 Nh5 18. Qd3 g6 19. Qe3 Qg5 20. Rab1 Qxe3 21.
fxe3 a6 22. g4 Nhf6 23. h4 e5 24. Rfe1 exd4 25. exd4 a5 26. a4 Rxe1+ 27. Rxe1
Ne8 28. Re7 Ndf6 29. g5 hxg5 30. hxg5 Nh5 31. f4 Nxd6 32. cxd6 Nxf4 33. d7 Ne2+
34. Rxe2 Rd8 35. Re8+ Rxe8 36. dxe8=Q+ 1-0

[Event "LEM Nachwuchs M-V u12m 08.-11.07.2021"]
[Site "MaJuWi Greifswald/Wieck"]
[Date "2021.07.09"]
[Round "2.4"]
[White "Wandelt, Moritz"]
[Black "Peilert, Maximilian"]
[Result "0-1"]
[WhiteElo "1011"]
[BlackElo "1068"]
[PlyCount "106"]
[EventDate "2021.??.??"]
[WhiteTeam "SAV Torgelow"]
[BlackTeam "Think Rochade"]

1. e4 e5 2. Nf3 Nc6 3. d4 exd4 4. Nxd4 Nxd4 5. Qxd4 Nf6 6. Bc4 c5 7. Qd1 d6 8.
Nc3 Bg4 9. Qd3 a6 10. a4 Nd7 11. Bf4 Qf6 12. Bg3 Nb6 13. Bd5 Rb8 14. h3 Bh5 15.
Rb1 Nd7 16. f4 Be7 17. O-O Bg6 18. Qe3 Qd4 19. Qxd4 cxd4 20. Ne2 Nf6 21. f5
Nxd5 22. exd5 Bh5 23. Nf4 g6 24. Rbe1 Kd7 25. Nxh5 gxh5 26. f6 Bd8 27. Re4 b5
28. axb5 Rxb5 29. Rxd4 Bb6 30. Bf2 Bxd4 31. Bxd4 Rxd5 32. c3 Re8 33. Ra1 a5 34.
Kf2 Rb8 35. Rb1 a4 36. Ke3 a3 37. c4 Ra5 38. Bc3 Rb3 39. Kd2 a2 40. Ra1 Ra6 41.
Kc2 Rb8 42. b3 Re8 43. g4 hxg4 44. hxg4 Re2+ 45. Bd2 Ke6 46. Kd3 Rg2 47. g5 Ra3
48. Kc2 d5 49. b4 dxc4 50. b5 c3 51. Re1+ Kd6 52. b6 Rxd2+ 53. Kc1 a1=Q# 0-1

[Event "LEM Nachwuchs M-V u12m 08.-11.07.2021"]
[Site "MaJuWi Greifswald/Wieck"]
[Date "2021.07.09"]
[Round "2.5"]
[White "Tovmasyan, Levon"]
[Black "Grundmann, Max"]
[Result "0-1"]
[WhiteElo "884"]
[BlackElo "1148"]
[PlyCount "92"]
[EventDate "2021.??.??"]
[WhiteTeam "TuS Makkabi Rostock"]
[BlackTeam "Think Rochade"]

1. d4 d5 2. Nf3 Bf5 3. e3 e6 4. b3 Bb4+ 5. Nbd2 Bc3 6. Rb1 Nc6 7. Bb2 Bxd2+ 8.
Qxd2 Nf6 9. Ne5 Ne4 10. Qd1 Nxe5 11. dxe5 f6 12. f4 fxe5 13. Bxe5 O-O 14. Bd3
c6 15. O-O Qb6 16. Rf3 Qa5 17. Ra1 Bg4 18. Qe2 Bxf3 19. Qxf3 Nf6 20. Bxf6 Rxf6
21. Qh3 h6 22. g4 Qc3 23. Rb1 e5 24. g5 Rd6 25. fxe5 Qxe5 26. Rf1 Qxg5+ 27. Kh1
Rf6 28. Bf5 Raf8 29. Bd3 Rxf1+ 30. Bxf1 Qf5 31. Bg2 Qxh3 32. Bxh3 Rf2 33. Be6+
Kf8 34. Bc8 b6 35. Bb7 Rxc2 36. Bxc6 Rxc6 37. h4 Rc3 38. Kg2 Rxe3 39. Kf2 Re7
40. Kg3 d4 41. Kg4 d3 42. Kh5 d2 43. Kg6 d1=Q 44. Kh7 Kf7 45. Kh8 Re8+ 46. Kh7
Qc2# 0-1

[Event "LEM Nachwuchs M-V u12m 08.-11.07.2021"]
[Site "MaJuWi Greifswald/Wieck"]
[Date "2021.07.09"]
[Round "2.6"]
[White "Joachim, Julian"]
[Black "Briese, Paul"]
[Result "0-1"]
[WhiteElo "819"]
[BlackElo "1125"]
[PlyCount "70"]
[EventDate "2021.??.??"]
[WhiteTeam "Think Rochade"]
[BlackTeam "SAV Torgelow"]

1. e4 c6 2. Nf3 d5 3. Nc3 dxe4 4. Nxe4 Bf5 5. Neg5 h6 6. Nh3 e6 7. Nf4 Bd6 8.
Nh5 Bf8 9. Bc4 Nf6 10. Nf4 Bd6 11. d3 Qc7 12. g3 Nbd7 13. Be3 a6 14. Nd4 Bg4
15. f3 Bf5 16. Qe2 O-O-O 17. O-O-O Rhe8 18. g4 Bxg4 19. fxg4 Bxf4 20. Nf3 Bxe3+
21. Qxe3 Nxg4 22. Qd4 Ngf6 23. Rhe1 Qb6 24. Qd6 Nc5 25. Bb3 Rxd6 26. Ne5 Nxb3+
27. axb3 Re7 28. Nc4 Qc7 29. Nxd6+ Qxd6 30. c3 Qxh2 31. d4 e5 32. dxe5 Rxe5 33.
Rh1 Qf4+ 34. Kc2 Re2+ 35. Kd3 Qe4# 0-1

[Event "LEM Nachwuchs M-V u12m 08.-11.07.2021"]
[Site "MaJuWi Greifswald/Wieck"]
[Date "2021.07.09"]
[Round "2.7"]
[White "Lüdtke, Lorenz"]
[Black "Tsiple, Dragos"]
[Result "0-1"]
[WhiteElo "922"]
[BlackElo "801"]
[PlyCount "86"]
[EventDate "2021.??.??"]
[WhiteTeam "SG Jasmund"]
[BlackTeam "TSV Friedland"]

1. e4 e5 2. Nf3 Nf6 3. Nc3 Nc6 4. Bb5 d6 5. h3 g6 6. d3 Bg7 7. Bg5 a6 8. Bxc6+
bxc6 9. O-O O-O 10. Qd2 Be6 11. d4 Bc4 12. Rfe1 c5 13. dxc5 d5 14. exd5 Bxd5
15. Nxd5 Qxd5 16. Nxe5 Qxd2 17. Bxd2 Rfe8 18. Bf4 Nh5 19. Bd2 Bxe5 20. Bc3 Bxc3
21. bxc3 Rxe1+ 22. Rxe1 Rd8 23. Re5 Rd1+ 24. Kh2 Rd2 25. f3 Nf4 26. Rg5 h6 27.
Rg4 g5 28. h4 f5 29. Rg3 Nh5 30. Rh3 f4 31. hxg5 Ng3 32. gxh6 Rd7 33. Rh4 Rh7
34. Kh3 Nf5 35. Rg4+ Kh8 36. Rxf4 Nxh6 37. Re4 Nf5+ 38. Kg4 Nh6+ 39. Kg5 Nf7+
40. Kg6 Rg7+ 41. Kf6 Ng5 42. Rh4+ Kg8 43. Rh5 Nh7+ 0-1

[Event "LEM Nachwuchs M-V u12m 08.-11.07.2021"]
[Site "MaJuWi Greifswald/Wieck"]
[Date "2021.07.09"]
[Round "2.8"]
[White "Asmussen, Henry"]
[Black "Lange, Richard"]
[Result "0-1"]
[WhiteElo "1192"]
[BlackElo "917"]
[PlyCount "80"]
[EventDate "2021.??.??"]
[WhiteTeam "SG Jasmund"]
[BlackTeam "TSG Neustrelitz"]

1. e4 e5 2. Nc3 Nc6 3. Nf3 Nf6 4. Bb5 Bb4 5. O-O O-O 6. d3 a6 7. Ba4 d6 8. Bg5
Bd7 9. Nd5 Kh8 10. Nxf6 gxf6 11. Bh6 Rg8 12. Nh4 Ne7 13. Qh5 Be6 14. Rae1 Bxe1
15. Rxe1 c6 16. Re3 Qd7 17. Qf3 f5 18. Qh5 Ng6 19. g3 Nxh4 20. Qxh4 Rg6 21. Rf3
f6 22. Qh5 fxe4 23. dxe4 Bg4 24. Qh4 Bxf3 25. Bb3 Qg4 26. Qxg4 Bxg4 27. Be3 Bf3
28. Bf7 Rg7 29. Bb3 Bxe4 30. Bh6 Rd7 31. Be6 Re7 32. Bc4 d5 33. Bd3 Bxd3 34.
cxd3 e4 35. dxe4 dxe4 36. Kf1 Rd7 37. Ke2 Rad8 38. Ke3 Rd3+ 39. Kxe4 R8d4+ 40.
Kf5 Rf3+ 0-1